000 00457nam a2200181Ia 4500
001 7543
005 20260306160503.0
008 260306t2016||||xx |||||||||||||| ||spa||
041 _aESP
082 _a339.46
_bM68
100 _aModrego Benito, Félix
_eAUT
245 0 _aLos dilemas territoriales del desarrollo en América Latina
260 _c2016
300 _a332 páginas :
_c24 cm.
650 _aGEN
654 _aCAN
942 _cLIB
_dJUS
_fJUS
_2ddc
_n
999 _c7543
_d7543